Hurvínek vypravuje, co všechno zažil na zahraničních zájezdech s divadlem S + H : in memoriam Josefa Skupy /

Hlavní autor: Janovský, Jaroslav, 1911-1962
Další autoři: Dvořák, Jan
Jazyk: Čeština
Vydáno: Praha : Mladá fronta, 1960
Vydání: 1. vyd.
Témata:
Externí odkaz: Digitalizovaný dokument
Fyzický popis: 156 s., fot. příl.
Knihy
Uloženo v:
LEADER 01294nam a22002771a 4500
001 000715644
003 CZ BrMZK
005 20140723182322.0
007 ta
008 040513s1960 xr af f cze d
015 |a cnb000729810 
035 |a (OCoLC)85703927 
040 |a BOA001  |b cze  |c BOA001 
100 1 |a Janovský, Jaroslav,  |d 1911-1962  |7 jk01051113  |4 aut 
245 1 0 |a Hurvínek vypravuje, co všechno zažil na zahraničních zájezdech s divadlem S + H :  |b in memoriam Josefa Skupy /  |c Jaroslav Janovský ; ilustroval Jan Dvořák 
250 |a 1. vyd. 
260 |a Praha :  |b Mladá fronta,  |c 1960 
300 |a 156 s., fot. příl. 
700 1 |a Dvořák, Jan  |7 jx20111004002  |4 ill 
856 4 1 |u http://www.digitalniknihovna.cz/mzk/uuid/uuid:58019780-cf66-11e3-aec3-005056827e52  |y Digitalizovaný dokument  |x NDK 
910 |a BOA001  |b 2-0444.964  |b PK-0024.565 
964 |a Praha - divadla loutková - Divadlo Spejbla a Hurvínka - zájezdy zahraniční - reportáže 
990 |a BK 
996 6 |b 2619090658  |c 2-0444.964  |l MZK  |r Sklad / do 24 hodin  |n 0  |w 000715644  |u 000030  |a 1  |e BOA001  |j MZK50  |s P 
996 7 |b 2619090659  |c 2-0444.964  |l MZK  |r Sklad / do 24 hodin  |n 0  |w 000715644  |u 000020  |a 1  |e BOA001  |j MZK50  |s A 
996 6 |b BC-145812  |c PK-0024.565  |l MZK  |r Sklad / do 1 hodiny  |n 0  |w 000715644  |u 000010  |a 1  |e BOA001  |j MZK50  |s P